Os sistemas filosóficos (Record no. 45493)

MARC details
000 -Etiqueta do registo
Valores 00590cam a22001931 04500
100 ## - Dados gerais de processamento
Dados gerais 19900501d1942 m y0pory5003 ba
101 1# - Língua de publicação
Língua por
102 ## - País de publicação
País PT
200 1# - Titulo e menção de responsabilidade
Título próprio Os sistemas filosóficos
Primeira menção de responsabilidade por André Cresson
Outras menções de responsabilidade trad. de Edmundo Curvelo
210 #9 - Publicação
Local de publicação Lisboa
Nome do editor Edições Cosmos,
Data de publicação imp. 1942
215 ## - Descrição física 
Paginação / Volumes 2 v.
Dimensões 20 cm
225 2# - Colecção 
Título próprio da colecção Biblioteca Cosmos.
Indicação de volume 24, 26.
Número de parte ou secção 3.ª seccão,
Nome de parte ou secção Filosofia e Religiões
Indicação de volume 2, 3
675 ## - CDU
Notação 14
Edição BN
Língua por
700 #1 - Autor principal
Apelido Cresson,
Nome André,
Datas 1869-1950
702 #1 - Autor secundário
Apelido Curvelo,
Nome Edmundo,
Datas 1913-1954
Função 730
801 #0 - Fonte de origem
País PT
Agência BN
Regras de catalogação RPC
990 ## - Elementos KOHA
Tipo de documento Livro
Holdings
Aquisição Empréstimo Código de barras Cota Permissão de empréstimo Tipo de documento Nota relativa ao exemplar
Biblioteca Municipal de Redondo Biblioteca Municipal de Redondo 056203 14 CRE Consulta presencial Livro oferta de Vergílio Ambrósio. 1.º v.
Biblioteca Municipal de Redondo Biblioteca Municipal de Redondo 056204 14 CRE Consulta presencial Livro oferta de Vergílio Ambrósio. 2.º v.

Powered by Koha